América Latina: elecciones con abstenciones, corrupción y fraude
Salvato in:
| Natura: | testo |
|---|---|
| Lingua: | Spanish |
| Soggetti: | |
| Tags: |
Aggiungi Tag
Nessun Tag, puoi essere il primo ad aggiungerne!!
|
MARC
| LEADER | 00000 a a2200000 04500 | ||
|---|---|---|---|
| 001 | 17755 | ||
| 003 | cru CIDCACS/IIS | ||
| 005 | 20191203084929.0 | ||
| 008 | 191203b ||||| |||| 00| 0 spa d | ||
| 999 | |c 37855 |d 37855 | ||
| 040 | |c cru CIDCACS/IIS | ||
| 245 | |a América Latina: |b elecciones con abstenciones, corrupción y fraude | ||
| 650 | |a ABSTENCIONISMO ELECTORAL | ||
| 650 | |a CORRUPCION POLITICA | ||
| 650 | |a AMERICA LATINA | ||
| 773 | |g volumen 2, número 11; páginas 81 | ||
| 942 | |2 ddc |c PP | ||
| 773 | 0 | |0 42391 |9 3958 |a Agencia Latinoamericana de Información, ALAI |d Quito, Ecuador: ALAI |o 03873 |t ALAI: |x 08275564 (Servicio mensual de información y documentación) | |
